| 000 | 00000cas 2200000za 4500 |
| 001 | 9.507468 |
| 003 | CaOODSP |
| 005 | 20260323130220 |
| 007 | cr ||||||||||| |
| 008 | 150406c20129999oncmx p o f0 a0eng| |
| 040 | |aCaOODSP|beng |
| 043 | |an-cn--- |
| 086 | 1 |aA77-1E-PDF |
| 245 | 00|aCanada |h[electronic resource] : |boutlook for principal field crops. |
| 260 | |a[Ottawa] : |bAgriculture and Agri-Food Canada, |c2012- |
| 310 | |aMonthly |
| 362 | 1 |aBegan with Oct. 18, 2012. |
| 500 | |aCaption title. |
| 500 | |aIssued also in French under title: Canada, perspectives des principales grandes cultures. |
| 515 | |aIssues for 2013-2017 not published? |
| 550 | |aIssued by Market Analysis Groul, Grains and Oilseed Division, Sector Development and Analysis Directorate, Market and Industry Services Branch. |
| 690 | 07|aCrops|2gcpds |
| 690 | 07|aMarket analysis|2gcpds |
| 710 | 1 |aCanada. |bAgriculture and Agri-Food Canada. |bGrains and Oilseeds Division. |
| 775 | 08|tCanada |w(CaOODSP)9.503860 |
| 780 | 00|tCanada |w(CaOODSP)9.505711 |